Datum a čas kvízu
22.5
Celkem bodů
Celkový počet nahraných bodů na tomto kvízu bez doplňovacích otázek.
7.
Pořadí na kvízu
Konečné umístění týmu na tomto kvízu.
Zaznamenané odpovědi
| # | Otázka | Odpověď | Body | Výsledky |
|---|---|---|---|---|
| 1. | Když Miloš Zeman volil, pokusi... | 0 | ||
| 2. | Těsně před Vánocemi se na Mezi... | 0 | ||
| 3. | Tento britský herec, který v z... | 1 | ||
| 4. | Donald Trump slíbil Norsku stí... | 0 | ||
| 5. | Německý fotbalový útočník Luka... | 0 | ||
| 6. | Pro mimobrněnské soutěžící upř... | 1 | ||
| 7. | Bývalé pražské nakladatelství... | 0 | ||
| 8. | Na jméno české metalové skupin... | 1 | ||
| 9. | Kmen tvořící velkou část obyva... | 0 | ||
| 10. | Ze šalinkarty vyberete i příjm... | 1 |